<?xml version="1.0" encoding="UTF-8"?>
<record
    xmlns:xsi="http://www.w3.org/2001/XMLSchema-instance"
    xsi:schemaLocation="http://www.loc.gov/MARC21/slim http://www.loc.gov/standards/marcxml/schema/MARC21slim.xsd"
    xmlns="http://www.loc.gov/MARC21/slim">

  <leader>01691nam a2200385 a 4500</leader>
  <datafield tag="999" ind1=" " ind2=" ">
    <subfield code="c">357817</subfield>
    <subfield code="d">357817</subfield>
  </datafield>
  <controlfield tag="001">000000407714</controlfield>
  <controlfield tag="003">IT-MiSPE</controlfield>
  <controlfield tag="005">20180505174425.0</controlfield>
  <controlfield tag="008">130514s2010    it            001 u ita d</controlfield>
  <datafield tag="020" ind1=" " ind2=" ">
    <subfield code="a">9788870946383</subfield>
  </datafield>
  <datafield tag="040" ind1=" " ind2=" ">
    <subfield code="a">IT-MiSPE</subfield>
    <subfield code="b">ita</subfield>
    <subfield code="d">mv</subfield>
    <subfield code="c">IT-MiSPE</subfield>
  </datafield>
  <datafield tag="041" ind1="1" ind2=" ">
    <subfield code="a">ita</subfield>
    <subfield code="a">grc</subfield>
  </datafield>
  <datafield tag="082" ind1=" " ind2=" ">
    <subfield code="a">270.008-SCh.it CLE ro (23109)</subfield>
  </datafield>
  <datafield tag="100" ind1="0" ind2=" ">
    <subfield code="a">Clemens PP.</subfield>
    <subfield code="b">I,</subfield>
    <subfield code="c">s.,</subfield>
    <subfield code="d">m.97.</subfield>
    <subfield code="9">56914</subfield>
  </datafield>
  <datafield tag="240" ind1="1" ind2="0">
    <subfield code="a">Epistula ad Corinthios.</subfield>
    <subfield code="l">Greco e italiano</subfield>
  </datafield>
  <datafield tag="245" ind1="1" ind2="0">
    <subfield code="a">Lettera ai Corinzi /</subfield>
    <subfield code="c">Clemente di Roma ; introduzione, testo, traduzione e note Annie Jaubert ; traduzione di Maria Benedetta Artioli.</subfield>
  </datafield>
  <datafield tag="260" ind1=" " ind2=" ">
    <subfield code="a">Bologna :</subfield>
    <subfield code="b">Edizioni San Clemente :</subfield>
    <subfield code="b">Edizioni Studio domenicano,</subfield>
    <subfield code="c">2010.</subfield>
  </datafield>
  <datafield tag="300" ind1=" " ind2=" ">
    <subfield code="a">219 p. ;</subfield>
    <subfield code="c">20 cm</subfield>
  </datafield>
  <datafield tag="490" ind1="1" ind2=" ">
    <subfield code="a">Sources chr&#xE9;tiennes.</subfield>
    <subfield code="a">Edizione italiana ;</subfield>
    <subfield code="v">008</subfield>
  </datafield>
  <datafield tag="500" ind1=" " ind2=" ">
    <subfield code="a">Tit. orig.: &#xC9;p&#xEE;tre aux Corinthiens</subfield>
  </datafield>
  <datafield tag="504" ind1=" " ind2=" ">
    <subfield code="a">Contiene riferimenti bibliografici</subfield>
  </datafield>
  <datafield tag="546" ind1=" " ind2=" ">
    <subfield code="a">Traduzione italiana con testo greco a fronte</subfield>
  </datafield>
  <datafield tag="655" ind1=" " ind2="7">
    <subfield code="a">Patrologia greca</subfield>
    <subfield code="x">Padri apostolici</subfield>
    <subfield code="x">Simboli - Clemens PP. I, s., ca.30-ca.101 - Ignatius Antiochenus, s., ca.35-ca.108 - Polycarpus Smirnensis, s., ca.70-ca.156 - Hermas, sec. II - Papias Hierapolitanus, s., sec. II - Didach&#xE8; - Lettera di Barnaba.</subfield>
    <subfield code="2">local</subfield>
    <subfield code="9">56823</subfield>
  </datafield>
  <datafield tag="700" ind1="1" ind2=" ">
    <subfield code="a">Jaubert, Annie,</subfield>
    <subfield code="e">ed.</subfield>
    <subfield code="9">56915</subfield>
  </datafield>
  <datafield tag="700" ind1="1" ind2=" ">
    <subfield code="a">Artioli, Maria Benedetta,</subfield>
    <subfield code="e">tr.</subfield>
    <subfield code="9">56916</subfield>
  </datafield>
  <datafield tag="730" ind1="0" ind2="2">
    <subfield code="a">&#xC9;p&#xEE;tre aux Corinthiens.</subfield>
    <subfield code="l">Italiano.</subfield>
    <subfield code="9">56917</subfield>
  </datafield>
  <datafield tag="830" ind1=" " ind2="0">
    <subfield code="a">Sources chr&#xE9;tiennes.</subfield>
    <subfield code="p">Edizione italiana ;</subfield>
    <subfield code="v">008.</subfield>
    <subfield code="9">56918</subfield>
  </datafield>
  <datafield tag="900" ind1="0" ind2=" ">
    <subfield code="b">I,</subfield>
    <subfield code="c">papa.</subfield>
  </datafield>
  <datafield tag="942" ind1=" " ind2=" ">
    <subfield code="2">ddc</subfield>
    <subfield code="c">BK</subfield>
  </datafield>
  <datafield tag="990" ind1="1" ind2="0">
    <subfield code="a">90001abc</subfield>
    <subfield code="b">10001abcd</subfield>
  </datafield>
  <datafield tag="990" ind1="1" ind2="0">
    <subfield code="a">90002a</subfield>
    <subfield code="b">10001abcd</subfield>
  </datafield>
  <datafield tag="952" ind1=" " ind2=" ">
    <subfield code="0">0</subfield>
    <subfield code="1">0</subfield>
    <subfield code="2">ddc</subfield>
    <subfield code="4">0</subfield>
    <subfield code="6">270_000000000000000_008SCH_IT_CLE_RO_23109</subfield>
    <subfield code="7">1</subfield>
    <subfield code="a">CINISELLO</subfield>
    <subfield code="b">CINISELLO</subfield>
    <subfield code="d">2018-05-05</subfield>
    <subfield code="l">0</subfield>
    <subfield code="o">270.008-SCh.it CLE ro (23109)</subfield>
    <subfield code="p">9788870946383</subfield>
    <subfield code="r">2018-05-05 00:00:00</subfield>
    <subfield code="w">2018-05-05</subfield>
    <subfield code="y">BK</subfield>
  </datafield>
</record>
